00677nam a22002177a 4500003001100000005001700011008004100028040003900069041000800108082001600116100002600132245006700158260002900225650002500254650001000279650002600289700003100315942000700346952009100353999001500444LK-CoMWRAF20230925222611.0230925b |||||||| |||| 00| 0 eng d aLK-CoMWRAFdLK-CoMWRAFeLK-CoMWRAF aeng a297.63bALS aAl-Sheha, Abdurrahman aMuhammad the messenger of Allah :bMay Allah exalt his mention aArriyadh :bIslam house, a Muḥammad-Prophet  aIslam aProphets -- Biography aMurad, Abdurrahmanetrans. cBK 00104070aMAINbMAINd2023-09-25l0o297.63 ALSpRAF1461r2023-09-25w2023-09-25yBK c3675d3675